000
00345nam a2200157Ia 4500
003
OSt
005
20240118123650.0
008
170524s9999 xx 000 0 und d
020
_a
0070486336
040
_c
IIMT UNIVERSITY
100
_a
Cohen
100
_c
2008
245
0
_a
NEGOTIATING SKILLS fOR MANAGERS
260
_a
TMH
942
_2
ddc
_c
02
999
_c
2350
_d
2350